Catálogo

Vista normal Vista MARC

Entrada Personal Name

Número de registros utilizados en: 1

001 - CONTROL NUMBER

  • control field: 16855

003 - CONTROL NUMBER IDENTIFIER

  • control field: DLC

005 - DATE AND TIME OF LATEST TRANSACTION

  • control field: 20250312125531.0

008 - FIXED-LENGTH DATA ELEMENTS

  • fixed length control field: 791031n| azannaabn |n aaa

010 ## - LIBRARY OF CONGRESS CONTROL NUMBER

  • LC control number: n 79122218
  • Canceled/invalid LC control number: n 80124687

035 ## - SYSTEM CONTROL NUMBER

  • System control number: (OCoLC)oca00353824

040 ## - CATALOGING SOURCE

  • Original cataloging agency: DLC
  • Language of cataloging: spa
  • Description conventions: rda
  • Transcribing agency: Mx-PuUPA
  • Modifying agency: DLC
  • Modifying agency: AzTeS
  • Modifying agency: IaU
  • Modifying agency: CU-S
  • Modifying agency: OCoLC
  • Modifying agency: Mx-PuUPA

046 ## - SPECIAL CODED DATES

  • Birth date: 19401113
  • Source of date scheme: edtf

100 1# - HEADING--PERSONAL NAME

  • Personal name: Juergensmeyer, Mark,
  • Dates associated with a name: 1940-

370 ## - ASSOCIATED PLACE

  • Place of birth: Carlinville (Illinois)
  • Place of residence/headquarters: Santa Barbara (California)
  • Source of term: naf

372 ## - FIELD OF ACTIVITY

  • Field of activity: Sociología
  • Field of activity: Globalización
  • Field of activity: Relaciones Internationales
  • Field of activity: Himnos
  • Field of activity: Canciones--Textos
  • Source of term: lcsh

373 ## - ASSOCIATED GROUP

  • Associated group: University of California, Santa Barbara
  • Source of term: naf

374 ## - OCCUPATION

  • Occupation: Profesor universitarios
  • Occupation: Profesor de sociología
  • Occupation: Escritor de himnos
  • Occupation: Letrista
  • Occupation: Autor
  • Source of term: lcsh

375 ## - GENDER

  • Gender: hombre

377 ## - ASSOCIATED LANGUAGE

  • Language code: eng

378 ## - FULLER FORM OF PERSONAL NAME

  • Fuller form of personal name: Mark Karl

670 ## - SOURCE DATA FOUND

  • Source citation: Sikh studies, 1979 (a.e.)
  • Information found: t.p. (Mark Juergensmeyer)

670 ## - SOURCE DATA FOUND

  • Source citation: His Radhasoami reality, 1991:
  • Information found: CIP t.p. (Mark Juergensmeyer) pub. info. (born Nov. 13, 1940 in Carlinville, IL; School of Hawaiian, Asian and Pacific Stud., Univ. of Hawaii)

670 ## - SOURCE DATA FOUND

  • Source citation: Princeton readings in religion and violence, c2011:
  • Information found: t.p. (Mark Juergensmeyer) p. 4 of cover (Mark Juergensmeyer; he is professor of sociology and global studies at the University of California, Santa Barbara)

670 ## - SOURCE DATA FOUND

  • Source citation: Tanaka, Karen. Sleep my child, c2013:
  • Information found: page 1 (words by Mark Juergensmeyer)

670 ## - SOURCE DATA FOUND

  • Source citation: PRISM Restorative Justice, Episcopal Diocese of Los Angeles WWW site, viewed August 13, 2015
  • Information found: news detail page (lyricist Mark Juergensmeyer; author of hymn texts; professor of sociology and global studies and director of the Orfalea Center for Global and International Studies at the University of California, Santa Barbara)
  • Uniform Resource Identifier: http://prism.ladiocese.org/dfc/newsdetail_2/700250

670 ## - SOURCE DATA FOUND

  • Source citation: Juergensmeyer, Mark. When God stops fighting, 2022:
  • Information found: ECIP title page (Mark Juergensmeyer) data view (middle name Karl)